Acts Of Sanctification: (Record no. 182914)

MARC details
000 -LEADER
fixed length control field 00598 a2200193 4500
005 - DATE AND TIME OF LATEST TRANSACTION
control field 20211209153726.0
010 ## - LCCN (DPL NO)
LC control number ENG-130259
020 ## - INTERNATIONAL STANDARD BOOK NUMBER
Terms of availability 225.00
International Standard Book Number 978-93-90907-01-4
035 ## - SYSTEM CONTROL NUMBER
System control number EN-113791
037 ## - SOURCE OF ACQUISITION
Source of stock number/acquisition DBAD / PUB
082 ## - DEWEY DECIMAL CLASSIFICATION NUMBER
Classification number N
100 ## - MAIN ENTRY--PERSONAL NAME
Personal name Chaudhuri, Amitava
245 ## - TITLE STATEMENT
Title Acts Of Sanctification:
Statement of responsibility, etc Amitava Chaudhuri
250 ## - EDITION STATEMENT
Edition statement 2021
260 ## - PUBLICATION, DISTRIBUTION, ETC. (IMPRINT)
Place of publication, distribution, etc New Delhi
Name of publisher, distributor, etc LiFi Publication Pvt. Ltd.
Date of publication, distribution, etc 2021
270 ## - ADDRESS
Address 211, 2nd Floor, Gagandeep, 12 Rajendra Place
City New Delhi
Postal code 110008
Telephone number 011 25741000
Electronic mail address info@lifipublications.com
300 ## - PHYSICAL DESCRIPTION
Extent 138p.
Dimensions 20cm (pbk)
942 ## - ADDED ENTRY ELEMENTS (KOHA)
Institution code [OBSOLETE] dpl
Item type English Books
Source of classification or shelving scheme Dewey Decimal Classification
Classification part N
Call number suffix CHA
Holdings
Withdrawn status Lost status Not for loan Collection code Home library Current library Date acquired Source of acquisition Cost, normal purchase price Full call number Barcode Copy number Cost, replacement price Koha item type
      Fiction Shahdara Branch Shahdara Branch 09/12/2021 DBAD/PUB 225.00 N CHA EN-113791 1 225.00 English Books

© Delhi Public Library
Hit Counter
free hit counter